000 00430nam a2200169Ia 4500
003 GCL
008 140319s9999 xx 000 0 eng d
040 _aGCL /
_cGCL
082 0 4 _a001.4225
_bG E
100 1 _aGUPTA, S.P
245 1 0 _aAN EASY APPROACH TO STATISTICS /
_cGUPTA, S.P
260 _a[S.N] :
_bS. CHAND & COMPANY LTD ،
_c1993
300 _a239 P
650 0 4 _aSTATISTICS
650 0 4 _aMANAGEMENT
942 _2ddc
_cBK
999 _c20603
_d20603